Europe by Images - 'P' - Statistics

General Stats
  • This quiz has been taken 40 times
  • The average score is 7 of 16
Answer Stats
Picture Hint Answer % Correct
Singer Paul McCartney
93%
River Po
90%
Painter Pablo Picasso
88%
Capital Prague
83%
Food Paella
80%
Actress Penélope Cruz
73%
Mountain Range Pyrenees
68%
Brand Pagani
25%
City Poznan
23%
Commune Portofino
13%
National Park Plitvice Lakes
10%
Palace Pena
8%
Queen Philippa
8%
Island Paros
5%
Lake Plansee
0%
Castle Predjama
0%
No matching quizzes found
Score Distribution
Percent of People with Each Score
Percentile by Number Answered
Your Score History
You have not taken this quiz